City to Nation- Africa - Statistics

General Stats
  • This quiz has been taken 21 times
  • The average score is 40 of 52
Answer Stats
Hint Answer % Correct
Alexandria Egypt
100%
Addis Ababa Ethiopia
100%
Antananarivo Madagascar
100%
Timbuktu Mali
100%
Johannesburg South Africa
100%
Kampala Uganda
100%
Kinshasa Democratic Republic of the Congo
95%
Monrovia Liberia
95%
Windhoek Namibia
95%
Dakar Senegal
95%
Khartoum Sudan
95%
Accra Ghana
90%
Bissau Guinea-Bissau
90%
Brazzaville Republic of the Congo
90%
Dar es Salaam Tanzania
90%
Luanda Angola
86%
Benghazi Libya
86%
Tangier Morocco
86%
Maputo Mozambique
86%
Kigali Rwanda
86%
Harare Zimbabwe
86%
Gaborone Botswana
81%
Ouagadougou Burkina Faso
81%
Mombasa Kenya
81%
Libreville Gabon
76%
Niamey Niger
76%
Kano Nigeria
76%
Victoria Seychelles
76%
Freetown Sierra Leone
76%
Juba South Sudan
76%
Douala Cameroon
71%
Asmara Eritrea
71%
Nouakchott Mauritania
71%
Lomé Togo
71%
Lusaka Zambia
71%
Oran Algeria
67%
Cotonou Benin
67%
Praia Cape Verde
67%
N’Djamena Chad
67%
Abidjan Côte d’Ivoire
67%
Conakry Guinea
67%
Maseru Lesotho
67%
Lilongwe Malawi
67%
Bujumbura Burundi
62%
Bangui Central African Republic
62%
Moroni Comoros
62%
Banjul Gambia
62%
Port Louis Mauritius
62%
Sfax Tunisia
52%
Ciudad de la Paz Equatorial Guinea
48%
Lobamba Eswatini
43%
Hargeisa Somalia
43%
No matching quizzes found
Score Distribution
Percent of People with Each Score
Percentile by Number Answered
Your Score History
You have not taken this quiz